[Event "Quebec-ch Senior Participation"]
[Site "Montreal CAN"]
[Date "2017.04.23"]
[Round "5"]
[White "Raduica, Gheorghe"]
[Black "Gervais, Marcel"]
[Result "1/2-1/2"]
[WhiteElo "1471"]
[BlackElo "1417"]
[WhiteFideId "-1"]
[WhiteFideId "-1"]
[PlyCount "43"]
[GameId "2160767908411804"]
[EventDate "2017.04.21"]
[EventType "swiss"]
[EventRounds "5"]
[EventCountry "CAN"]
[SourceTitle "EXT 2022"]
[Source "ChessBase"]
[SourceDate "2021.10.06"]
[SourceVersion "1"]
[SourceVersionDate "2021.10.06"]
[SourceQuality "1"]

1. e4 c6 2. Nf3 d5 3. exd5 cxd5 4. Bb5+ Bd7 5. Bxd7+ Nxd7 6. c3 e6 7. d4 Bd6 8. O-O Ngf6 9. Bg5 O-O 10. Re1 Qc7 11. Bxf6 Nxf6 12. Ne5 b5 13. a3 a5 14. Nd2 Rfb8 15. Qe2 b4 16. axb4 axb4 17. c4 b3 18. c5 Bxe5 19. dxe5 Nd7 20. Rxa8 Rxa8 21. Nxb3 Nxc5 22. Rc1 1/2-1/2

[Event "Quebec-ch U08"]
[Site "Montreal CAN"]
[Date "2017.03.04"]
[Round "2"]
[White "Ma, Lily"]
[Black "Georgescu-Nicolau, Luca"]
[Result "0-1"]
[WhiteElo "813"]
[BlackElo "844"]
[WhiteFideId "-1"]
[WhiteFideId "-1"]
[PlyCount "48"]
[GameId "2160767908478237"]
[EventDate "2017.03.04"]
[EventType "swiss"]
[EventRounds "5"]
[EventCountry "CAN"]
[SourceTitle "EXT 2022"]
[Source "ChessBase"]
[SourceDate "2021.10.06"]
[SourceVersion "1"]
[SourceVersionDate "2021.10.06"]
[SourceQuality "1"]

1. e4 e5 2. Nf3 Nc6 3. Nc3 Nf6 4. Bb5 Bb4 5. d3 d6 6. Bxc6+ bxc6 7. Bd2 O-O 8. a3 Bxc3 9. Bxc3 Be6 10. O-O Qe7 11. Re1 Rab8 12. b4 c5 13. Rb1 Rfd8 14. bxc5 Rxb1 15. Qxb1 Bg4 16. Re3 Bxf3 17. Rxf3 dxc5 18. Qb2 Qd6 19. Bxe5 Qc6 20. Bxf6 gxf6 21. Rxf6 Qd7 22. Qb7 Qd4 23. Ra6 Qa1+ 24. Qb1 Qxb1# 0-1

[Event "Quebec-ch U08"]
[Site "Montreal CAN"]
[Date "2017.03.05"]
[Round "4"]
[White "Huard, Matheo"]
[Black "Ma, Lily"]
[Result "1-0"]
[WhiteElo "1321"]
[BlackElo "813"]
[WhiteFideId "-1"]
[WhiteFideId "-1"]
[PlyCount "117"]
[GameId "2160767908478242"]
[EventDate "2017.03.04"]
[EventType "swiss"]
[EventRounds "5"]
[EventCountry "CAN"]
[SourceTitle "EXT 2022"]
[Source "ChessBase"]
[SourceDate "2021.10.06"]
[SourceVersion "1"]
[SourceVersionDate "2021.10.06"]
[SourceQuality "1"]

1. e4 e5 2. Nf3 Nc6 3. Bc4 Nf6 4. Ng5 d5 5. exd5 Na5 6. Bb5+ c6 7. dxc6 Nxc6 8. Qf3 Bg4 9. Bxc6+ bxc6 10. Qxc6+ Bd7 11. Qf3 h6 12. Ne4 Bg4 13. Nxf6+ Qxf6 14. Qxa8+ Qd8 15. Qxd8+ Kxd8 16. O-O Bc5 17. Nc3 Re8 18. Re1 Re6 19. d3 Rg6 20. Ne4 Bb6 21. Ng3 Rf6 22. Be3 Ba5 23. Ne4 Rg6 24. Bd2 Bb6 25. Ng3 Rf6 26. Ne4 Rg6 27. Ng3 Rf6 28. Be3 Ba5 29. c3 h5 30. h3 h4 31. Bg5 hxg3 32. Bxf6+ gxf6 33. fxg3 Bf5 34. Rf1 Bxd3 35. Rad1 e4 36. Rxf6 Kc8 37. Rxf7 Bc4 38. Rh7 Bxa2 39. Rf1 Bc7 40. Rf8+ Kb7 41. g4 e3 42. Re8 Kc6 43. Kf1 Bb6 44. g5 Bc4+ 45. Ke1 Kb5 46. Rb8 Ka4 47. g6 Kb3 48. Re7 Kc2 49. g7 e2 50. Rxe2+ Kb3 51. Re7 Kxb2 52. Rxa7 Kxc3 53. Rxb6 Kd4 54. Rb4 Kd5 55. Rxc4 Kxc4 56. g8=Q+ Kd4 57. Qg5 Ke4 58. Ra4+ Kd3 59. Qd2# 1-0

[Event "Quebec-ch U10"]
[Site "Montreal CAN"]
[Date "2017.03.04"]
[Round "1"]
[White "Guipi Bopala, Prince Eric jr"]
[Black "Parent, Etienne"]
[Result "1-0"]
[WhiteElo "1819"]
[BlackElo "1070"]
[WhiteFideId "-1"]
[WhiteFideId "-1"]
[PlyCount "40"]
[GameId "2160767908478248"]
[EventDate "2017.03.04"]
[EventType "swiss"]
[EventRounds "5"]
[EventCountry "CAN"]
[SourceTitle "EXT 2022"]
[Source "ChessBase"]
[SourceDate "2021.10.06"]
[SourceVersion "1"]
[SourceVersionDate "2021.10.06"]
[SourceQuality "1"]

1. d4 d5 2. Nf3 Nc6 3. e3 Bg4 4. h3 Bh5 5. Be2 Nf6 6. b3 Ne4 7. Bb2 g6 8. g4 Bxg4 9. hxg4 Bg7 10. Nbd2 e5 11. dxe5 Bxe5 12. Nxe5 Nxe5 13. Bxe5 O-O 14. Nxe4 dxe4 15. Qxd8 Rfxd8 16. Bxc7 Rdc8 17. Be5 Rxc2 18. Bc4 Re8 19. Bd4 a6 20. Rh2 b5 1-0

[Event "Quebec-ch U10"]
[Site "Montreal CAN"]
[Date "2017.03.04"]
[Round "1"]
[White "Lim, Nicolas1"]
[Black "Zhang, Chu Hang"]
[Result "0-1"]
[WhiteElo "957"]
[BlackElo "1225"]
[WhiteFideId "-1"]
[WhiteFideId "-1"]
[PlyCount "58"]
[GameId "2160767908478250"]
[EventDate "2017.03.04"]
[EventType "swiss"]
[EventRounds "5"]
[EventCountry "CAN"]
[SourceTitle "EXT 2022"]
[Source "ChessBase"]
[SourceDate "2021.10.06"]
[SourceVersion "1"]
[SourceVersionDate "2021.10.06"]
[SourceQuality "1"]

1. Nf3 d5 2. c4 e6 3. d4 Nf6 4. Nc3 dxc4 5. e4 c6 6. Bg5 Be7 7. Bxc4 O-O 8. O-O h6 9. Bh4 Re8 10. e5 Nd5 11. Bxe7 Qxe7 12. Bb3 b6 13. Bc2 Nd7 14. Qd3 Nf8 15. a3 Bb7 16. b4 a5 17. bxa5 Ba6 18. Qe4 Nxc3 19. Qxc6 Rac8 20. Qxb6 Bxf1 21. Rxf1 Nd5 22. Qb3 Qc7 23. Bd3 Qxa5 24. h3 Qc3 25. Qb1 Qxa3 26. Qe1 Qxd3 27. Qa1 Nf4 28. Rd1 Qg6 29. Nh4 Qg5 0-1

[Event "Quebec-ch U10"]
[Site "Montreal CAN"]
[Date "2017.03.04"]
[Round "1"]
[White "Liu, Kevin1"]
[Black "Roy, Benjamin"]
[Result "1-0"]
[WhiteElo "1397"]
[BlackElo "1032"]
[WhiteFideId "-1"]
[WhiteFideId "-1"]
[PlyCount "41"]
[GameId "2160767908478251"]
[EventDate "2017.03.04"]
[EventType "swiss"]
[EventRounds "5"]
[EventCountry "CAN"]
[SourceTitle "EXT 2022"]
[Source "ChessBase"]
[SourceDate "2021.10.06"]
[SourceVersion "1"]
[SourceVersionDate "2021.10.06"]
[SourceQuality "1"]

1. e4 e5 2. Nf3 Nc6 3. Nc3 Bc5 4. Nxe5 Nxe5 5. d4 Bb6 6. dxe5 d6 7. exd6 cxd6 8. Bc4 Nf6 9. O-O O-O 10. Bf4 Bc5 11. h3 h6 12. Qf3 Re8 13. Rad1 a6 14. e5 Nh7 15. Ne4 Ba7 16. Nxd6 Rf8 17. Nxf7 Rxf7 18. Rxd8+ Nf8 19. Bxf7+ Kxf7 20. Bxh6+ Kg6 21. Rxf8 1-0

[Event "Quebec-ch U10"]
[Site "Montreal CAN"]
[Date "2017.03.04"]
[Round "1"]
[White "Navala, Anthony"]
[Black "Markovic, Luka"]
[Result "1-0"]
[WhiteElo "1086"]
[BlackElo "1157"]
[WhiteFideId "-1"]
[WhiteFideId "-1"]
[PlyCount "93"]
[GameId "2160767908478252"]
[EventDate "2017.03.04"]
[EventType "swiss"]
[EventRounds "5"]
[EventCountry "CAN"]
[SourceTitle "EXT 2022"]
[Source "ChessBase"]
[SourceDate "2021.10.06"]
[SourceVersion "1"]
[SourceVersionDate "2021.10.06"]
[SourceQuality "1"]

1. d4 d5 2. e3 Nf6 3. Bd3 e6 4. c3 Nc6 5. f4 Bd7 6. Nf3 Bd6 7. Nbd2 Qe7 8. h3 h6 9. a3 a6 10. b4 b5 11. O-O O-O-O 12. a4 bxa4 13. Rxa4 Rdf8 14. Bxa6+ Kd8 15. Bb7 Nb8 16. Ra8 c6 17. Ne5 Nh5 18. Qa4 f6 19. Qa7 Ke8 20. Rxb8+ Bxb8 21. Qxb8+ Qd8 22. Qxd8+ Kxd8 23. Ng6 Ng3 24. Rf2 Nf5 25. Nxf8 Rxf8 26. Nb3 Bc8 27. Bxc6 g5 28. g4 Ne7 29. Ba8 gxf4 30. exf4 f5 31. gxf5 exf5 32. Nc5 Rg8+ 33. Kf1 Kc7 34. Ra2 Bd7 35. Ra7+ Kb8 36. Rxd7 Kxa8 37. Rxe7 Rb8 38. Ne6 h5 39. Rf7 Rxb4 40. cxb4 h4 41. b5 Kb8 42. b6 Ka8 43. Nc7+ Kb8 44. Na6+ Ka8 45. b7+ Ka7 46. b8=Q+ Kxa6 47. Ra7# 1-0

[Event "Quebec-ch U10"]
[Site "Montreal CAN"]
[Date "2017.03.04"]
[Round "1"]
[White "Roy, Benjamin"]
[Black "Markovic, Luka"]
[Result "1-0"]
[WhiteElo "1032"]
[BlackElo "1157"]
[WhiteFideId "-1"]
[WhiteFideId "-1"]
[PlyCount "90"]
[GameId "2160767908478253"]
[EventDate "2017.03.04"]
[EventType "swiss"]
[EventRounds "5"]
[EventCountry "CAN"]
[SourceTitle "EXT 2022"]
[Source "ChessBase"]
[SourceDate "2021.10.06"]
[SourceVersion "1"]
[SourceVersionDate "2021.10.06"]
[SourceQuality "1"]

1. d4 d5 2. c4 dxc4 3. e4 Nc6 4. Nf3 Bg4 5. d5 Nb4 6. Qa4+ Bd7 7. Qxb4 g6 8. Bxc4 Bg7 9. O-O Nf6 10. e5 Ng4 11. Bb3 Nxe5 12. Nxe5 Bxe5 13. Nc3 c6 14. Bf4 Bxf4 15. Qxf4 cxd5 16. Bxd5 e6 17. Qd4 O-O 18. Bxb7 Rb8 19. Bf3 Rxb2 20. Ne4 Rb6 21. Nf6+ Kg7 22. Ng4+ e5 23. Qxe5+ f6 24. Qe3 Bxg4 25. Bxg4 Qb8 26. Qe7+ Rf7 27. Qe4 f5 28. Qd4+ Rbf6 29. Rab1 Qc7 30. Bf3 g5 31. Rb7 Qc8 32. Rxf7+ Kxf7 33. Qxa7+ Kf8 34. Rb1 Rf7 35. Qa3+ Re7 36. Re1 g4 37. Qxe7+ Kg8 38. Qe8+ Qxe8 39. Rxe8+ Kf7 40. Bc6 Kf6 41. a4 h5 42. a5 h4 43. a6 Kg5 44. a7 f4 45. a8=Q h3 1-0

[Event "Quebec-ch U10"]
[Site "Montreal CAN"]
[Date "2017.03.04"]
[Round "1"]
[White "Tao, Neilson"]
[Black "Chang, Alexander"]
[Result "0-1"]
[WhiteElo "1045"]
[BlackElo "1629"]
[WhiteFideId "-1"]
[WhiteFideId "-1"]
[PlyCount "84"]
[GameId "2160767908478254"]
[EventDate "2017.03.04"]
[EventType "swiss"]
[EventRounds "5"]
[EventCountry "CAN"]
[SourceTitle "EXT 2022"]
[Source "ChessBase"]
[SourceDate "2021.10.06"]
[SourceVersion "1"]
[SourceVersionDate "2021.10.06"]
[SourceQuality "1"]

1. e4 e5 2. Nf3 Nc6 3. Nc3 Nf6 4. d4 exd4 5. Nxd4 Bc5 6. Nxc6 dxc6 7. Qxd8+ Kxd8 8. Bd3 Ng4 9. Nd1 Ne5 10. O-O Nxd3 11. cxd3 Ke7 12. Re1 Be6 13. Nc3 Rhd8 14. Be3 Bd4 15. Bxd4 Rxd4 16. Re3 Rad8 17. Rd1 Bc4 18. Ne2 Rxd3 19. Rdxd3 Rxd3 20. Rxd3 Bxd3 21. Nc3 b5 22. b4 Bc4 23. a3 Kd6 24. f3 Ke5 25. Kf2 Kd4 26. Nb1 Kd3 27. Ke1 Kc2 28. Nd2 Kb2 29. Nxc4+ bxc4 30. Kd2 c3+ 31. Ke3 c2 32. Kf4 c1=Q+ 33. Kg3 Qg5+ 34. Kf2 Kc2 35. a4 Kd2 36. a5 h5 37. a6 h4 38. g3 h3 39. f4 Qb5 40. g4 Qd3 41. e5 Qe3+ 42. Kf1 Qe1# 0-1

[Event "Quebec-ch U10"]
[Site "Montreal CAN"]
[Date "2017.03.04"]
[Round "1"]
[White "Yan, Alex Jikai"]
[Black "Zhong, Kevin"]
[Result "0-1"]
[WhiteElo "1079"]
[BlackElo "1894"]
[WhiteFideId "-1"]
[WhiteFideId "-1"]
[PlyCount "134"]
[GameId "2160767908478255"]
[EventDate "2017.03.04"]
[EventType "swiss"]
[EventRounds "5"]
[EventCountry "CAN"]
[SourceTitle "EXT 2022"]
[Source "ChessBase"]
[SourceDate "2021.10.06"]
[SourceVersion "1"]
[SourceVersionDate "2021.10.06"]
[SourceQuality "1"]

1. d4 d5 2. c4 e6 3. Nc3 c5 4. cxd5 exd5 5. dxc5 d4 6. Ne4 Bf5 7. Ng3 Bg6 8. Nf3 Bxc5 9. Bf4 Nc6 10. Rc1 Bb4+ 11. Bd2 Bxd2+ 12. Qxd2 Nf6 13. Rd1 O-O 14. Nxd4 Nxd4 15. Qxd4 Qa5+ 16. Qd2 Qxa2 17. e3 Rac8 18. Be2 Rc2 19. Qd4 Rxb2 20. O-O Rxe2 21. Nxe2 Qxe2 22. Qxa7 b5 23. Qa5 Qc4 24. Rd8 Ne8 25. Rb8 Bd3 26. Rd1 Qc2 27. Qd2 Qc7 28. Rxe8 Rxe8 29. Qxd3 b4 30. Qb3 Qc5 31. Rb1 Rd8 32. h3 Qb5 33. Qxb4 Qd3 34. Rf1 h6 35. Qb1 Qd2 36. Qc1 Qd5 37. Re1 Rd6 38. Re2 Rg6 39. f3 Qxf3 40. Rf2 Qxh3 41. Qc7 Qxe3 42. Qxf7+ Kh7 43. Qf3 Qc5 44. Qf5 Qxf5 45. Rxf5 Rf6 46. Rf2 Rxf2 47. Kxf2 Kg6 48. g3 Kf5 49. Kg2 Kg4 50. Kf2 Kh3 51. Kf3 g5 52. Kf2 g4 53. Kg1 Kxg3 54. Kh1 h5 55. Kg1 h4 56. Kh1 Kf3 57. Kh2 h3 58. Kg1 g3 59. Kh1 g2+ 60. Kg1 h2+ 61. Kxh2 Kf2 62. Kh3 g1=Q 63. Kh4 Kf3 64. Kh5 Kf4 65. Kh6 Kf5 66. Kh7 Kf6 67. Kh8 Qg7# 0-1

[Event "Quebec-ch U10"]
[Site "Montreal CAN"]
[Date "2017.03.05"]
[Round "1"]
[White "Liu, Kevin1"]
[Black "Chang, Alexander"]
[Result "0-1"]
[WhiteElo "1397"]
[BlackElo "1629"]
[WhiteFideId "-1"]
[WhiteFideId "-1"]
[PlyCount "112"]
[GameId "2160767908478256"]
[EventDate "2017.03.04"]
[EventType "swiss"]
[EventRounds "5"]
[EventCountry "CAN"]
[SourceTitle "EXT 2022"]
[Source "ChessBase"]
[SourceDate "2021.10.06"]
[SourceVersion "1"]
[SourceVersionDate "2021.10.06"]
[SourceQuality "1"]

1. e4 e5 2. Nf3 Nc6 3. Nc3 Nf6 4. d4 exd4 5. Nxd4 Bc5 6. Be3 Bb6 7. Bc4 O-O 8. O-O Ne5 9. Bb3 d6 10. h3 Bd7 11. f4 Nc6 12. Re1 Re8 13. Nxc6 Bxe3+ 14. Rxe3 Bxc6 15. Qe2 Nd7 16. Re1 Nc5 17. Bxf7+ Kxf7 18. e5 Kg8 19. e6 Qe7 20. Qc4 a5 21. a3 Rab8 22. b4 axb4 23. axb4 b5 24. Qe2 Na6 25. Na2 Bd5 26. c3 Bc4 27. Qf2 Ra8 28. f5 Nb8 29. Nc1 Nc6 30. Rg3 Kh8 31. Rf3 Qf6 32. g4 Ne5 33. Rg3 Rf8 34. Re4 Bxe6 35. Rf4 Qf7 36. Ne2 Ra1+ 37. Kh2 Bd5 38. Ng1 Ra2 39. Ne2 Bc4 40. Re3 Rxe2 41. Rxe2 Bxe2 42. Qxe2 c6 43. g5 Ra8 44. Kg3 Ra2 45. Qe4 Qc4 46. Qe1 Qd3+ 47. Kh4 Rh2 48. Qg3 Qxg3+ 49. Kxg3 Rc2 50. h4 Rxc3+ 51. Kg2 Rc4 52. Kg3 Rxf4 53. Kxf4 Kg8 54. h5 Kf7 55. g6+ hxg6 56. hxg6+ Kf6 0-1

[Event "Quebec-ch U10"]
[Site "Montreal CAN"]
[Date "2017.03.04"]
[Round "2"]
[White "Bocan, Richard"]
[Black "Lim, Nicolas1"]
[Result "0-1"]
[WhiteElo "1089"]
[BlackElo "957"]
[WhiteFideId "-1"]
[WhiteFideId "-1"]
[PlyCount "60"]
[GameId "2160767908478257"]
[EventDate "2017.03.04"]
[EventType "swiss"]
[EventRounds "5"]
[EventCountry "CAN"]
[SourceTitle "EXT 2022"]
[Source "ChessBase"]
[SourceDate "2021.10.06"]
[SourceVersion "1"]
[SourceVersionDate "2021.10.06"]
[SourceQuality "1"]

1. d4 Nf6 2. c4 g6 3. Nc3 Bg7 4. Bf4 d6 5. e3 O-O 6. Nf3 Nbd7 7. Be2 c5 8. h3 Re8 9. Bh2 a6 10. b3 b6 11. O-O Bb7 12. Rc1 Rf8 13. Qd2 Ne4 14. Qc2 Ndf6 15. Bd3 Nxc3 16. Qxc3 Ne4 17. Qc2 f5 18. Nd2 Nxd2 19. Qxd2 cxd4 20. exd4 Bxd4 21. Qh6 Qc7 22. Bf4 Qc6 23. Qg5 Bf6 24. Qg3 Bh4 25. Qh2 e5 26. Bg3 Bxg3 27. Qxg3 f4 28. Qh2 e4 29. Be2 e3 30. Qxf4 Qxg2# 0-1

[Event "Quebec-ch U10"]
[Site "Montreal CAN"]
[Date "2017.03.04"]
[Round "2"]
[White "Chang, Alexander"]
[Black "Lattore, Vincent"]
[Result "1-0"]
[WhiteElo "1629"]
[BlackElo "1110"]
[WhiteFideId "-1"]
[WhiteFideId "-1"]
[PlyCount "109"]
[GameId "2160767908478259"]
[EventDate "2017.03.04"]
[EventType "swiss"]
[EventRounds "5"]
[EventCountry "CAN"]
[SourceTitle "EXT 2022"]
[Source "ChessBase"]
[SourceDate "2021.10.06"]
[SourceVersion "1"]
[SourceVersionDate "2021.10.06"]
[SourceQuality "1"]

1. e4 e5 2. Nf3 Nc6 3. Bc4 Bc5 4. O-O d6 5. d3 Nf6 6. c3 Bg4 7. a4 a6 8. b4 Ba7 9. Re1 O-O 10. Nbd2 Re8 11. Qb3 Be6 12. Bxe6 Rxe6 13. Nf1 Ng4 14. Be3 Bxe3 15. Nxe3 Nxe3 16. Rxe3 h6 17. Nd2 Qg5 18. Nf1 Ne7 19. Rg3 Qf6 20. Ne3 h5 21. Qd1 Qh6 22. Rh3 g6 23. Qf3 Rf8 24. Rg3 c6 25. c4 Kg7 26. Nf1 Kg8 27. Qe3 Qxe3 28. Rxe3 f5 29. f3 fxe4 30. dxe4 d5 31. Nd2 d4 32. Rd3 Kg7 33. c5 Kh6 34. Nc4 g5 35. Nd6 Rb8 36. a5 Kg6 37. g3 Nc8 38. Nc4 g4 39. fxg4 hxg4 40. Rf1 Ne7 41. Nd6 Nc8 42. Rf8 Kg7 43. Rxc8 Rxc8 44. Nxc8 Kg6 45. Nd6 Re7 46. Kf2 Rh7 47. Kg2 Rg7 48. Nc4 Kf6 49. Rd2 Ke6 50. Nb2 Kf6 51. Rf2+ Ke6 52. Nd3 Rc7 53. Rf5 Rd7 54. Rxe5+ Kf7 55. Rg5 1-0

[Event "Quebec-ch U10"]
[Site "Montreal CAN"]
[Date "2017.03.04"]
[Round "2"]
[White "Navala, Anthony"]
[Black "Liu, Kevin1"]
[Result "1/2-1/2"]
[WhiteElo "1086"]
[BlackElo "1397"]
[WhiteFideId "-1"]
[WhiteFideId "-1"]
[PlyCount "116"]
[GameId "2160767908478260"]
[EventDate "2017.03.04"]
[EventType "swiss"]
[EventRounds "5"]
[EventCountry "CAN"]
[SourceTitle "EXT 2022"]
[Source "ChessBase"]
[SourceDate "2021.10.06"]
[SourceVersion "1"]
[SourceVersionDate "2021.10.06"]
[SourceQuality "1"]

1. d4 d5 2. e3 e6 3. Bd3 Nf6 4. c3 Bd6 5. f4 c5 6. Nf3 c4 7. Bc2 b5 8. a3 a5 9. Nbd2 Nc6 10. b4 cxb3 11. Bxb3 Rb8 12. Rb1 O-O 13. O-O b4 14. axb4 axb4 15. Bb2 Ba6 16. c4 dxc4 17. Nxc4 Nd5 18. Re1 Na5 19. Nxa5 Qxa5 20. Ra1 Qb6 21. Nd2 Nc3 22. Bxc3 bxc3 23. Nc4 Bxc4 24. Bxc4 Rfc8 25. Bd3 Qc6 26. Rc1 Rb2 27. Rc2 g6 28. Ree2 Rcb8 29. Qe1 R8b3 30. Rc1 Rxe2 31. Qxe2 Ba3 32. Rb1 Rb2 33. Rxb2 cxb2 34. Qc2 Qxc2 35. Bxc2 Kf8 36. Kf1 Ke7 37. Ke2 Kd6 38. Kd3 Bb4 39. e4 f6 40. g3 e5 41. fxe5+ fxe5 42. dxe5+ Kxe5 43. Kc4 Bd2 44. Kb3 Be3 45. Kxb2 Bg1 46. h3 Bf2 47. g4 Kf4 48. Kc3 Kg3 49. e5 Kxh3 50. e6 Bh4 51. Bd1 Kg3 52. Kd4 Kf4 53. Kd5 h5 54. gxh5 gxh5 55. Bxh5 Be7 56. Bf7 Kf5 57. Kc6 Kf6 58. Kd7 Ba3 1/2-1/2

[Event "Quebec-ch U10"]
[Site "Montreal CAN"]
[Date "2017.03.04"]
[Round "2"]
[White "Omichi, Kevin"]
[Black "Guipi Bopala, Prince Eric jr"]
[Result "0-1"]
[WhiteElo "1128"]
[BlackElo "1819"]
[WhiteFideId "-1"]
[WhiteFideId "-1"]
[PlyCount "82"]
[GameId "2160767908478261"]
[EventDate "2017.03.04"]
[EventType "swiss"]
[EventRounds "5"]
[EventCountry "CAN"]
[SourceTitle "EXT 2022"]
[Source "ChessBase"]
[SourceDate "2021.10.06"]
[SourceVersion "1"]
[SourceVersionDate "2021.10.06"]
[SourceQuality "1"]

1. e4 e5 2. Nf3 Nc6 3. d4 exd4 4. Nxd4 Bc5 5. Be3 Qf6 6. c3 d6 7. Bc4 Bd7 8. O-O O-O-O 9. Qd2 Qg6 10. Bd3 Ne5 11. Bc2 Bxd4 12. Qe2 Bh3 13. g3 Bxf1 14. Kxf1 Bxe3 15. Qxe3 Kb8 16. Nd2 Nf6 17. Kg2 d5 18. f3 Rhe8 19. Qf2 dxe4 20. Nxe4 Nxe4 21. Bxe4 Qd6 22. Re1 Nd3 23. Bxd3 Rxe1 24. Qxe1 Qxd3 25. Qf2 Qd2 26. b3 Qxf2+ 27. Kxf2 Rd2+ 28. Ke3 Rxa2 29. h4 Ra3 30. Kd3 Rxb3 31. Kc2 Rb6 32. Kd3 a5 33. Kc4 a4 34. g4 a3 35. g5 a2 36. f4 a1=Q 37. Kd3 Rb3 38. Ke4 Qxc3 39. Kf5 g6+ 40. Ke4 Rb4+ 41. Kd5 Qd4# 0-1

[Event "Quebec-ch U10"]
[Site "Montreal CAN"]
[Date "2017.03.04"]
[Round "2"]
[White "Zhong, Kevin"]
[Black "Jain, Ankita"]
[Result "1-0"]
[WhiteElo "1894"]
[BlackElo "1212"]
[WhiteFideId "-1"]
[WhiteFideId "-1"]
[PlyCount "76"]
[GameId "2160767908478263"]
[EventDate "2017.03.04"]
[EventType "swiss"]
[EventRounds "5"]
[EventCountry "CAN"]
[SourceTitle "EXT 2022"]
[Source "ChessBase"]
[SourceDate "2021.10.06"]
[SourceVersion "1"]
[SourceVersionDate "2021.10.06"]
[SourceQuality "1"]

1. e4 c5 2. Ne2 d6 3. g3 Nc6 4. Bg2 e6 5. c3 Nf6 6. d4 cxd4 7. cxd4 Bd7 8. Nbc3 a6 9. O-O Be7 10. h3 O-O 11. Be3 h6 12. f4 e5 13. d5 Na7 14. fxe5 Nh7 15. Kh2 dxe5 16. d6 Bg5 17. Bf2 Bc6 18. h4 Bf6 19. Nd5 Bxd5 20. Qxd5 Qd7 21. Bh3 Qc6 22. Qd3 Rfd8 23. Rfd1 Nb5 24. d7 Be7 25. Rac1 Qf6 26. Rf1 Qd6 27. Qb3 Nf6 28. Bc5 Qd2 29. Rc2 Qa5 30. Bxe7 Rdb8 31. Bxf6 gxf6 32. Rxf6 Rf8 33. Be6 Nd6 34. Bd5 Qd8 35. Rxd6 Qe7 36. Qb6 Rad8 37. Rg6+ Kh8 38. Rxh6+ Kg8 1-0

[Event "Quebec-ch U10"]
[Site "Montreal CAN"]
[Date "2017.03.04"]
[Round "3"]
[White "Chang, Alexander"]
[Black "Zhong, Kevin"]
[Result "1/2-1/2"]
[WhiteElo "1629"]
[BlackElo "1894"]
[WhiteFideId "-1"]
[WhiteFideId "-1"]
[PlyCount "86"]
[GameId "2160767908478265"]
[EventDate "2017.03.04"]
[EventType "swiss"]
[EventRounds "5"]
[EventCountry "CAN"]
[SourceTitle "EXT 2022"]
[Source "ChessBase"]
[SourceDate "2021.10.06"]
[SourceVersion "1"]
[SourceVersionDate "2021.10.06"]
[SourceQuality "1"]

1. d4 d5 2. Bf4 c5 3. e3 cxd4 4. exd4 Nc6 5. Nf3 Bf5 6. c3 e6 7. Bd3 Bg6 8. O-O Nf6 9. Qe2 Bd6 10. Bxd6 Qxd6 11. Nbd2 O-O 12. Bxg6 hxg6 13. Ne5 Nd7 14. Nxd7 Qxd7 15. Nf3 Rfe8 16. Rfe1 Qc7 17. Qd3 Qf4 18. Qe3 Qxe3 19. Rxe3 Rac8 20. Ne5 Nxe5 21. Rxe5 Rc6 22. Rae1 Rec8 23. f4 Rb6 24. R1e2 Ra6 25. a3 Rcc6 26. g4 f5 27. g5 Kf7 28. h4 Rcb6 29. Rh2 Rb3 30. Ree2 Rab6 31. Kf1 Rc6 32. Ke1 a5 33. Kd1 Rc8 34. h5 gxh5 35. Rxh5 Rb6 36. Kc1 Rbc6 37. Reh2 b5 38. Rh8 b4 39. Rxc8 Rxc8 40. axb4 axb4 41. Kc2 bxc3 42. bxc3 Ra8 43. Kb2 Rb8+ 1/2-1/2

[Event "Quebec-ch U10"]
[Site "Montreal CAN"]
[Date "2017.03.04"]
[Round "3"]
[White "Guipi Bopala, Prince Eric jr"]
[Black "Zhang, Chu Hang"]
[Result "1-0"]
[WhiteElo "1819"]
[BlackElo "1225"]
[WhiteFideId "-1"]
[WhiteFideId "-1"]
[PlyCount "75"]
[GameId "2160767908478266"]
[EventDate "2017.03.04"]
[EventType "swiss"]
[EventRounds "5"]
[EventCountry "CAN"]
[SourceTitle "EXT 2022"]
[Source "ChessBase"]
[SourceDate "2021.10.06"]
[SourceVersion "1"]
[SourceVersionDate "2021.10.06"]
[SourceQuality "1"]

1. d4 d5 2. Nf3 Nf6 3. e3 Bf5 4. c4 e6 5. Nc3 dxc4 6. Bxc4 Nc6 7. a3 a6 8. O-O Be7 9. Re1 O-O 10. h3 Ne4 11. Bd3 Nxc3 12. bxc3 Bxd3 13. Qxd3 Re8 14. e4 Na5 15. c4 c5 16. d5 Rb8 17. Bf4 Bd6 18. e5 Bf8 19. Ng5 g6 20. Ne4 Bg7 21. d6 b6 22. Bg5 Qd7 23. Nf6+ Bxf6 24. Bxf6 h6 25. Re3 Kh7 26. h4 h5 27. g4 hxg4 28. Rg3 Nc6 29. Rxg4 Nxe5 30. Bxe5 f5 31. Rg2 Rg8 32. Rg5 b5 33. Qe2 Rg7 34. h5 Kg8 35. Bxg7 Kxg7 36. Rxg6+ Kf7 37. Qe5 Rf8 38. Rg7+ 1-0

[Event "Quebec-ch U10"]
[Site "Montreal CAN"]
[Date "2017.03.04"]
[Round "3"]
[White "Lattore, Vincent"]
[Black "Navala, Anthony"]
[Result "1-0"]
[WhiteElo "1110"]
[BlackElo "1086"]
[WhiteFideId "-1"]
[WhiteFideId "-1"]
[PlyCount "101"]
[GameId "2160767908478267"]
[EventDate "2017.03.04"]
[EventType "swiss"]
[EventRounds "5"]
[EventCountry "CAN"]
[SourceTitle "EXT 2022"]
[Source "ChessBase"]
[SourceDate "2021.10.06"]
[SourceVersion "1"]
[SourceVersionDate "2021.10.06"]
[SourceQuality "1"]

1. e4 e5 2. Nf3 Nc6 3. Bb5 a6 4. Ba4 Nf6 5. d3 Be7 6. Bxc6 dxc6 7. Nxe5 Qd6 8. Nf3 h6 9. Nc3 b5 10. e5 Qe6 11. O-O Nd5 12. Nxd5 cxd5 13. d4 O-O 14. Re1 g5 15. h3 f5 16. Nh2 c5 17. c3 b4 18. Bd2 a5 19. a3 bxa3 20. bxa3 c4 21. a4 Rb8 22. Rb1 Rxb1 23. Qxb1 Bd7 24. Qd1 f4 25. Qg4 Qxg4 26. Nxg4 h5 27. Nh2 Bxa4 28. Ra1 Bd7 29. Rxa5 Bd8 30. Rxd5 Be6 31. Rb5 g4 32. hxg4 hxg4 33. f3 g3 34. Nf1 Bg5 35. Nxg3 fxg3 36. Bxg5 Ra8 37. Rb1 Bf5 38. Rc1 Ra5 39. Kf1 Ra2 40. Kg1 Kf7 41. Bf4 Ke6 42. Bxg3 Ra8 43. Kf2 Rg8 44. Rh1 Kd5 45. Rh6 Be6 46. f4 Rg4 47. f5 Bxf5 48. Ra6 Ke4 49. Rb6 Kd5 50. Kf3 Rg7 51. Rd6# 1-0